[Event "Lozovatsky Memorial-A 2020"]
[Site "Chelyabinsk"]
[Date "2020.01.18"]
[Round "4.2"]
[White "Gutenev, Alexander"]
[Black "Kostenko, Petr"]
[Result "1-0"]
[WhiteElo "2457"]
[BlackElo "2433"]
[Annotator "ChessBase"]
[PlyCount "95"]
[EventDate "2020.01.15"]
[EventType "tourn"]
[EventCountry "RUS"]
[SourceTitle "playchess.com"]
[Source "ChessBase"]
[SourceQuality "1"]
[TimeControl "5400+30"]

1. e4 {[%emt 0:09:08]} c5 {[%emt 0:00:00]} 2. Nf3 {[%emt 0:00:47]} e6 {[%emt 0:00:00]} 3. d4 {[%emt 0:00:11]} cxd4 {[%emt 0:00:00]} 4. Nxd4 {[%emt 0:00:06]} a6 {[%emt 0:00:00]} 5. Nc3 {[%emt 0:03:39]} b5 {[%emt 0:00:07]} 6. Bd3 {[%emt 0:01:03]} Qb6 {[%emt 0:00:09]} 7. Nf3 {[%emt 0:02:19]} Qc7 {[%emt 0:00:16]} 8. O-O {[%emt 0:01:39]} Bb7 {[%emt 0:00:05]} 9. Re1 {[%emt 0:01:34]} Nf6 {[%emt 0:02:32]} 10. e5 {[%emt 0:04:24]} Nd5 {[%emt 0:00:07]} 11. Ne4 {[%emt 0:02:44]} Nc6 {[%emt 0:00:17]} 12. c4 {[%emt 0:05:43]} bxc4 {[%emt 0:02:23]} 13. Bxc4 {[%emt 0:00:43]} Nxe5 {[%emt 0:00:43]} 14. Bxd5 {[%emt 0:04:24]} Bxd5 {[%emt 0:00:34]} 15. Nxe5 {[%emt 0:01:11]} Bb4 {[%emt 0:02:36]} 16. Nc3 {[%emt 0:10:52]} Bxc3 {[%emt 0:01:11]} 17. bxc3 {[%emt 0:00:04]} Qxc3 {[%emt 0:00:06]} 18. Bf4 {[%emt 0:00:18]} O-O {[%emt 0:00:34]} 19. Nxd7 {[%emt 0:08:55]} Rfd8 {[%emt 0:00:07]} 20. Be5 {[%emt 0:00:21]} Qb4 {[%emt 0:00:20]} 21. a3 {[%emt 0:02:10]} Qh4 {[%emt 0:00:52]} 22. Bg3 {[%emt 0:01:27]} Qg5 {[%emt 0:00:32]} 23. Nb6 {[%emt 0:07:46]} Bxg2 {[%emt 0:00:09]} 24. Qc1 {[%emt 0:00:19]} Qa5 {[%emt 0:00:14]} 25. Nxa8 {[%emt 0:05:36]} Bxa8 {[%emt 0:00:10]} 26. Qc7 {[%emt 0:01:51]} Qd5 {[%emt 0:00:08]} 27. f3 {[%emt 0:00:06]} Re8 {[%emt 0:00:07]} 28. Qc3 {[%emt 0:00:29]} Qxf3 {[%emt 0:00:23]} 29. Qxf3 {[%emt 0:00:04]} Bxf3 {[%emt 0:00:02]} 30. Rab1 {[%emt 0:00:11]} Bc6 {[%emt 0:00:21]} 31. Rb6 {[%emt 0:00:38]} Bb5 {[%emt 0:00:04]} 32. Rc1 {[%emt 0:00:35]} h6 {[%emt 0:00:59]} 33. Rc7 {[%emt 0:00:33]} Rd8 {[%emt 0:00:04]} 34. Rbb7 {[%emt 0:00:18]} Rd1+ {[%emt 0:00:06]} 35. Kf2 {[%emt 0:00:05]} Rf1+ {[%emt 0:00:07]} 36. Ke3 {[%emt 0:00:39]} Rf5 {[%emt 0:00:07]} 37. Rc2 {[%emt 0:00:55]} g5 {[%emt 0:00:47]} 38. Rf2 {[%emt 0:00:25]} Rxf2 {[%emt 0:00:02]} 39. Bxf2 {[%emt 0:00:15]} Kg7 {[%emt 0:00:04]} 40. Kd4 {[%emt 0:00:20]} Kg6 {[%emt 0:00:04]} 41. Rxb5 {[%emt 0:04:31]} axb5 {[%emt 0:00:04]} 42. Kc5 {[%emt 0:00:02]} e5 {[%emt 0:00:10]} 43. Kxb5 {[%emt 0:00:03]} e4 {[%emt 0:00:05]} 44. a4 {[%emt 0:01:30]} f5 {[%emt 0:00:05]} 45. a5 {[%emt 0:00:37]} f4 {[%emt 0:00:04]} 46. Kc4 {[%emt 0:00:06]} e3 {[%emt 0:00:04]} 47. Bxe3 {[%emt 0:00:17]} fxe3 {[%emt 0:00:03]} 48. Kd3 {[%emt 0:00:03]} 1-0

[Event "Lozovatsky Memorial-A 2020"]
[Site "Chelyabinsk"]
[Date "2020.01.18"]
[Round "4.3"]
[White "Korneev, Oleg"]
[Black "Salemgareev, Tagir"]
[Result "1/2-1/2"]
[WhiteElo "2513"]
[BlackElo "2458"]
[Annotator "ChessBase"]
[PlyCount "37"]
[EventDate "2020.01.15"]
[EventType "tourn"]
[EventCountry "RUS"]
[SourceTitle "playchess.com"]
[Source "ChessBase"]
[SourceQuality "1"]
[TimeControl "5400+30"]

1. d4 {[%emt 0:06:10]} Nf6 {[%emt 0:00:00]} 2. Nf3 {[%emt 0:00:10]} e6 {[%emt 0:00:05]} 3. Bf4 {[%emt 0:00:02]} b6 {[%emt 0:00:05]} 4. e3 {[%emt 0:00:04]} Bb7 {[%emt 0:00:04]} 5. Nbd2 {[%emt 0:00:07]} Bd6 {[%emt 0:04:48]} 6. Bg3 {[%emt 0:05:33]} Bxg3 {[%emt 0:04:40]} 7. hxg3 {[%emt 0:01:14]} d6 {[%emt 0:00:14]} 8. Bd3 {[%emt 0:09:55]} Nbd7 {[%emt 0:09:19]} 9. c3 {[%emt 0:12:14]} Qe7 {[%emt 0:01:50]} 10. Qe2 {[%emt 0:04:41]} e5 {[%emt 0:11:21]} 11. e4 {[%emt 0:01:13]} O-O {[%emt 0:01:39]} 12. O-O {[%emt 0:09:34]} Rfe8 {[%emt 0:00:51]} 13. Rfe1 {[%emt 0:00:28]} g6 {[%emt 0:02:38]} 14. a4 {[%emt 0:14:39]} a5 {[%emt 0:07:04]} 15. d5 {[%emt 0:02:43]} c6 {[%emt 0:02:32]} 16. dxc6 {[%emt 0:00:39]} Bxc6 {[%emt 0:00:04]} 17. Bb5 {[%emt 0:00:33]} Rec8 {[%emt 0:10:01]} 18. Bxc6 {[%emt 0:06:44]} Rxc6 {[%emt 0:00:04]} 19. c4 {[%emt 0:04:26]} 1/2-1/2

[Event "Lozovatsky Memorial-A 2020"]
[Site "Chelyabinsk"]
[Date "2020.01.18"]
[Round "4.4"]
[White "Bezgodov, Alexei"]
[Black "Harutjunyan, Gevorg"]
[Result "1/2-1/2"]
[WhiteElo "2456"]
[BlackElo "2444"]
[Annotator "ChessBase"]
[PlyCount "95"]
[EventDate "2020.01.15"]
[EventType "tourn"]
[EventCountry "RUS"]
[SourceTitle "playchess.com"]
[Source "ChessBase"]
[SourceQuality "1"]
[TimeControl "5400+30"]

1. e4 {[%emt 0:00:00]} c6 {[%emt 0:00:00]} 2. d4 {[%emt 0:00:00]} d5 {[%emt 0:00:00]} 3. Nc3 {[%emt 0:00:00]} dxe4 {[%emt 0:00:02]} 4. Nxe4 {[%emt 0:00:03]} Bf5 {[%emt 0:00:08]} 5. Ng3 {[%emt 0:00:09]} Bg6 {[%emt 0:00:06]} 6. Nf3 {[%emt 0:00:16]} Nd7 {[%emt 0:00:12]} 7. h4 {[%emt 0:00:09]} h6 {[%emt 0:00:05]} 8. h5 {[%emt 0:00:07]} Bh7 {[%emt 0:00:05]} 9. Bd3 {[%emt 0:00:10]} Bxd3 {[%emt 0:00:06]} 10. Qxd3 {[%emt 0:00:06]} e6 {[%emt 0:00:05]} 11. Bf4 {[%emt 0:02:42]} Qa5+ {[%emt 0:00:46]} 12. Bd2 {[%emt 0:00:06]} Qc7 {[%emt 0:00:04]} 13. O-O-O {[%emt 0:00:39]} Ngf6 {[%emt 0:00:10]} 14. Ne4 {[%emt 0:03:18]} Be7 {[%emt 0:01:32]} 15. Nxf6+ {[%emt 0:03:45]} Bxf6 {[%emt 0:00:14]} 16. g3 {[%emt 0:05:57]} Qb6 {[%emt 0:03:59]} 17. c3 {[%emt 0:13:23]} O-O-O {[%emt 0:09:33]} 18. Kb1 {[%emt 0:02:23]} Qb5 {[%emt 0:18:12]} 19. Qxb5 {[%emt 0:11:03]} cxb5 {[%emt 0:00:07]} 20. Kc2 {[%emt 0:01:19]} Nb6 {[%emt 0:03:04]} 21. Ne5 {[%emt 0:02:08]} Bxe5 {[%emt 0:06:03]} 22. dxe5 {[%emt 0:00:24]} Nc4 {[%emt 0:09:25]} 23. Bf4 {[%emt 0:01:52]} Kc7 {[%emt 0:11:08]} 24. Rxd8 {[%emt 0:03:43]} Rxd8 {[%emt 0:00:19]} 25. Rh4 {[%emt 0:00:49]} Rh8 {[%emt 0:00:43]} 26. Rg4 {[%emt 0:03:27]} Rh7 {[%emt 0:00:47]} 27. b3 {[%emt 0:01:12]} Nb6 {[%emt 0:00:50]} 28. Be3 {[%emt 0:05:55]} Nd7 {[%emt 0:02:29]} 29. Rf4 {[%emt 0:13:13]} g5 {[%emt 0:03:20]} 30. hxg6 {[%emt 0:00:39]} fxg6 {[%emt 0:00:05]} 31. Rg4 {[%emt 0:05:12]} g5 {[%emt 0:03:05]} 32. f4 {[%emt 0:01:13]} gxf4 {[%emt 0:00:04]} 33. Bxf4 {[%emt 0:00:43]} h5 {[%emt 0:00:16]} 34. Rh4 {[%emt 0:02:12]} Nf8 {[%emt 0:01:01]} 35. Bg5 {[%emt 0:00:33]} Ng6 {[%emt 0:02:44]} 36. Rh2 {[%emt 0:00:20]} Kc6 {[%emt 0:01:31]} 37. Bf6 {[%emt 0:00:32]} Kd5 {[%emt 0:02:50]} 38. Re2 {[%emt 0:00:13]} Rc7 {[%emt 0:04:28]} 39. Kd2 {[%emt 0:01:16]} Ne7 {[%emt 0:00:29]} 40. Kd3 {[%emt 0:06:04]} Nf5 {[%emt 0:01:57]} 41. Rg2 {[%emt 0:00:04]} a6 {[%emt 0:07:05]} 42. g4 {[%emt 0:02:04]} hxg4 {[%emt 0:00:28]} 43. Rxg4 {[%emt 0:00:02]} Rh7 {[%emt 0:00:17]} 44. a4 {[%emt 0:01:25]} Rh3+ {[%emt 0:02:13]} 45. Kd2 {[%emt 0:00:03]} Rh2+ {[%emt 0:01:14]} 46. Kd3 {[%emt 0:00:06]} Rh3+ {[%emt 0:01:36]} 47. Kd2 {[%emt 0:00:03]} Rh2+ {[%emt 0:00:22]} 48. Kd3 {[%emt 0:00:02] Ke4+ Kxe4} 1/2-1/2

[Event "Lozovatsky Memorial-A 2020"]
[Site "Chelyabinsk"]
[Date "2020.01.18"]
[Round "4.4"]
[White "Radzhabov, Rodion"]
[Black "Badelka, Olga"]
[Result "*"]
[WhiteElo "2381"]
[BlackElo "2392"]
[Annotator "ChessBase"]
[PlyCount "32"]
[EventDate "2020.01.15"]
[EventType "tourn"]
[EventCountry "RUS"]
[SourceTitle "playchess.com"]
[Source "ChessBase"]
[SourceQuality "1"]
[TimeControl "5400+30"]

1. e4 {[%emt 0:00:00]} c6 {[%emt 0:00:00]} 2. d4 {[%emt 0:00:00]} d5 {[%emt 0:00:00]} 3. Nc3 {[%emt 0:00:00]} dxe4 {[%emt 0:00:02]} 4. Nxe4 {[%emt 0:00:03]} Bf5 {[%emt 0:00:08]} 5. Ng3 {[%emt 0:00:09]} Bg6 {[%emt 0:00:06]} 6. Nf3 {[%emt 0:00:16]} Nd7 {[%emt 0:00:12]} 7. h4 {[%emt 0:00:09]} h6 {[%emt 0:00:05]} 8. h5 {[%emt 0:00:07]} Bh7 {[%emt 0:00:05]} 9. Bd3 {[%emt 0:00:10]} Bxd3 {[%emt 0:00:06]} 10. Qxd3 {[%emt 0:00:06]} e6 {[%emt 0:00:05]} 11. Bf4 {[%emt 0:02:42]} Qa5+ {[%emt 0:00:46]} 12. Bd2 {[%emt 0:00:06]} Qc7 {[%emt 0:00:04]} 13. O-O-O {[%emt 0:00:39]} Ngf6 {[%emt 0:00:10]} 14. Ne4 {[%emt 0:03:18]} Be7 {[%emt 0:01:32]} 15. Nxf6+ {[%emt 0:03:45]} Bxf6 {[%emt 0:00:14]} 16. g3 {[%emt 0:05:57]} Qb6 {[%emt 0:03:59]} *

[Event "Lozovatsky Memorial-A 2020"]
[Site "Chelyabinsk"]
[Date "2020.01.18"]
[Round "4.5"]
[White "Bezgodov, Alexei"]
[Black "Harutjunyan, Gevorg"]
[Result "*"]
[WhiteElo "2456"]
[BlackElo "2444"]
[Annotator "ChessBase"]
[PlyCount "29"]
[EventDate "2020.01.15"]
[EventType "tourn"]
[EventCountry "RUS"]
[SourceTitle "playchess.com"]
[Source "ChessBase"]
[SourceQuality "1"]
[TimeControl "5400+30"]

1. Nf3 {[%emt 0:00:00]} c5 {[%emt 0:00:13]} 2. c4 {[%emt 0:00:00]} Nc6 {[%emt 0:00:24]} 3. Nc3 {[%emt 0:00:03]} g6 {[%emt 0:01:14]} 4. e3 {[%emt 0:00:40]} Nf6 {[%emt 0:00:06]} 5. d4 {[%emt 0:00:06]} cxd4 {[%emt 0:00:05]} 6. exd4 {[%emt 0:00:05]} d5 {[%emt 0:00:03]} 7. cxd5 {[%emt 0:00:22]} Nxd5 {[%emt 0:00:05]} 8. Qb3 {[%emt 0:00:10]} Nxc3 {[%emt 0:00:26]} 9. Bc4 {[%emt 0:00:17]} e6 {[%emt 0:00:08]} 10. bxc3 {[%emt 0:00:06]} Bd7 {[%emt 0:02:21]} 11. Be2 {[%emt 0:08:33]} Na5 {[%emt 0:03:08]} 12. Qc2 {[%emt 0:02:55]} Bg7 {[%emt 0:00:20]} 13. Ba3 {[%emt 0:03:51]} Bf8 {[%emt 0:00:18]} 14. Bxf8 {[%emt 0:06:40]} Kxf8 {[%emt 0:00:06]} 15. O-O {[%emt 0:00:22]} *

[Event "Lozovatsky Memorial-A 2020"]
[Site "Chelyabinsk"]
[Date "2020.01.18"]
[Round "4.5"]
[White "Radzhabov, Rodion"]
[Black "Badelka, Olga"]
[Result "1/2-1/2"]
[WhiteElo "2381"]
[BlackElo "2392"]
[Annotator "ChessBase"]
[PlyCount "77"]
[EventDate "2020.01.15"]
[EventType "tourn"]
[EventCountry "RUS"]
[SourceTitle "playchess.com"]
[Source "ChessBase"]
[SourceQuality "1"]
[TimeControl "5400+30"]

1. Nf3 {[%emt 0:00:00]} c5 {[%emt 0:00:13]} 2. c4 {[%emt 0:00:00]} Nc6 {[%emt 0:00:24]} 3. Nc3 {[%emt 0:00:03]} g6 {[%emt 0:01:14]} 4. e3 {[%emt 0:00:40]} Nf6 {[%emt 0:00:06]} 5. d4 {[%emt 0:00:06]} cxd4 {[%emt 0:00:05]} 6. exd4 {[%emt 0:00:05]} d5 {[%emt 0:00:03]} 7. cxd5 {[%emt 0:00:22]} Nxd5 {[%emt 0:00:05]} 8. Qb3 {[%emt 0:00:10]} Nxc3 {[%emt 0:00:26]} 9. Bc4 {[%emt 0:00:17]} e6 {[%emt 0:00:08]} 10. bxc3 {[%emt 0:00:06]} Bd7 {[%emt 0:02:21]} 11. Be2 {[%emt 0:08:33]} Na5 {[%emt 0:03:08]} 12. Qc2 {[%emt 0:02:55]} Bg7 {[%emt 0:00:20]} 13. Ba3 {[%emt 0:03:51]} Bf8 {[%emt 0:00:18]} 14. Bxf8 {[%emt 0:06:40]} Kxf8 {[%emt 0:00:06]} 15. O-O {[%emt 0:00:22]} Rc8 {[%emt 0:03:45]} 16. Qb2 {[%emt 0:13:00]} Kg7 {[%emt 0:12:54]} 17. c4 {[%emt 0:09:19]} Nxc4 {[%emt 0:14:39]} 18. Bxc4 {[%emt 0:00:25]} Rxc4 {[%emt 0:00:04]} 19. d5+ {[%emt 0:39:10]} Qf6 {[%emt 0:01:21]} 20. Qxb7 {[%emt 0:01:03]} Bc8 {[%emt 0:00:31]} 21. Qxa7 {[%emt 0:03:40]} exd5 {[%emt 0:01:09]} 22. Rfe1 {[%emt 0:03:39]} Rd8 {[%emt 0:08:58]} 23. Qe7 {[%emt 0:04:11]} Be6 {[%emt 0:07:27]} 24. Qxf6+ {[%emt 0:01:55]} Kxf6 {[%emt 0:00:04]} 25. h3 {[%emt 0:00:58]} d4 {[%emt 0:04:25]} 26. Rad1 {[%emt 0:00:24]} Bf5 {[%emt 0:05:31]} 27. Rd2 {[%emt 0:00:48]} d3 {[%emt 0:02:51]} 28. Red1 {[%emt 0:00:45]} g5 {[%emt 0:05:30]} 29. Ne1 {[%emt 0:00:14]} Ra4 {[%emt 0:01:12]} 30. f3 {[%emt 0:00:43]} Ra3 {[%emt 0:06:00]} 31. Kf2 {[%emt 0:00:05]} Bg6 {[%emt 0:08:23]} 32. Ke3 {[%emt 0:00:10]} h5 {[%emt 0:00:28]} 33. Nxd3 {[%emt 0:00:47]} Rdxd3+ {[%emt 0:00:30]} 34. Rxd3 {[%emt 0:00:04]} Bxd3 {[%emt 0:00:04]} 35. Rxd3 {[%emt 0:00:02]} Rxa2 {[%emt 0:00:08]} 36. Rd2 {[%emt 0:00:34]} Rxd2 {[%emt 0:00:07]} 37. Kxd2 {[%emt 0:00:01]} Ke5 {[%emt 0:01:49]} 38. Ke3 {[%emt 0:00:40]} f6 {[%emt 0:00:07]} 39. g4 {[%emt 0:00:51]} 1/2-1/2

[Event "Lozovatsky Memorial-A 2020"]
[Site "Chelyabinsk"]
[Date "2020.01.19"]
[Round "5.1"]
[White "Harutjunyan, Gevorg"]
[Black "Drygalov, Andrey"]
[Result "1/2-1/2"]
[WhiteElo "2444"]
[BlackElo "2492"]
[Annotator "ChessBase"]
[PlyCount "48"]
[EventDate "2020.01.15"]
[EventType "tourn"]
[EventCountry "RUS"]
[SourceTitle "playchess.com"]
[Source "ChessBase"]
[SourceQuality "1"]
[TimeControl "5400+30"]

1. e4 {[%emt 0:00:00]} c5 {[%emt 0:00:00]} 2. Nf3 {[%emt 0:00:00]} d6 {[%emt 0:00:00]} 3. d4 {[%emt 0:00:03]} cxd4 {[%emt 0:00:00]} 4. Nxd4 {[%emt 0:00:06]} Nf6 {[%emt 0:00:00]} 5. Nc3 {[%emt 0:00:07]} a6 {[%emt 0:00:00]} 6. Bg5 {[%emt 0:00:28]} e6 {[%emt 0:00:00]} 7. f4 {[%emt 0:00:09]} h6 {[%emt 0:00:00]} 8. Bh4 {[%emt 0:00:09]} Qb6 {[%emt 0:00:00]} 9. Qd3 {[%emt 0:00:42]} Qxb2 {[%emt 0:00:00]} 10. Rb1 {[%emt 0:00:07]} Qa3 {[%emt 0:00:03]} 11. f5 {[%emt 0:00:31]} Be7 {[%emt 0:00:06]} 12. fxe6 {[%emt 0:00:06]} Bxe6 {[%emt 0:00:03]} 13. Nxe6 {[%emt 0:02:48]} fxe6 {[%emt 0:00:41]} 14. e5 {[%emt 0:06:59]} dxe5 {[%emt 0:00:05]} 15. Bxf6 {[%emt 0:07:48]} gxf6 {[%emt 0:00:14]} 16. Be2 {[%emt 0:07:59]} e4 {[%emt 0:00:09]} 17. Qg3 {[%emt 0:10:35]} Nd7 {[%emt 0:23:41]} 18. Rxb7 {[%emt 0:02:15]} Rc8 {[%emt 0:13:46]} 19. O-O {[%emt 0:22:03]} Rxc3 {[%emt 0:20:27]} 20. Qg6+ {[%emt 0:01:13]} Kd8 {[%emt 0:01:32]} 21. Rd1 {[%emt 0:00:09]} Rc7 {[%emt 0:20:56]} 22. Rb8+ {[%emt 0:13:40]} Rc8 {[%emt 0:00:09]} 23. Rb7 {[%emt 0:01:29]} Rc7 {[%emt 0:00:26]} 24. Rb8+ {[%emt 0:00:17]} Rc8 {[%emt 0:00:03]} 1/2-1/2

[Event "Lozovatsky Memorial-A 2020"]
[Site "Chelyabinsk"]
[Date "2020.01.19"]
[Round "5.2"]
[White "Badelka, Olga"]
[Black "Bezgodov, Alexei"]
[Result "1/2-1/2"]
[WhiteElo "2392"]
[BlackElo "2456"]
[Annotator "TA"]
[PlyCount "129"]
[EventDate "2020.01.15"]
[EventType "tourn"]
[EventCountry "RUS"]
[SourceTitle "playchess.com"]
[Source "ChessBase"]
[SourceQuality "1"]

{[%evp 11,129,31,36,35,34,23,36,24,35,34,34,25,32,37,41,4,4,6,21,4,7,0,0,0,0,-12,0,-25,7,0,0,-23,0,0,-8,-10,58,48,46,48,40,3,61,61,57,39,100,57,57,57,57,65,58,72,78,74,63,51,192,90,160,92,135,129,319,281,302,285,287,0,0,0,0,0,0,0,0,0,0,0,0,0,0,0,4,0,0,0,0,0,0,0,0,0,0,0,7,12,67,0,2,0,0,0,0,0,241,0,0,0,0,0,0,0,0,0,0,0,0,0]} 1. d4 d5 2. c4 dxc4 3. e3 e5 4. Bxc4 exd4 5. exd4 Bd6 6. Nf3 Nf6 7. Qe2+ {D20: Queen's Gambit Accepted: 3 e3 and 3 e4} Qe7 8. Qxe7+ Bxe7 9. O-O {White is slightly better.} Nbd7 10. Re1 Nb6 11. Bb3 Nfd5 12. Nc3 c6 13. Ne4 O-O 14. Nc5 Rd8 $146 ({Predecessor:} 14... a5) 15. a4 a5 16. Bd2 Kf8 17. h3 Nd7 18. Nd3 N7f6 19. g4 Bd7 20. Nc5 Bc8 21. Ne5 Ne8 22. Rac1 Nec7 23. f4 Ne6 ({Black should play} 23... f6 $11 24. Nf3 g6) 24. Nxe6+ $14 Bxe6 25. f5 $36 {[%mdl 2048] White has good play.} Bc8 26. Nd3 h6 (26... Nf6 $11) 27. Ne5 Bd6 28. Kg2 Bd7 (28... Bc7 $14) 29. Nxd7+ (29. Bxd5 {feels hotter.} Bxe5 30. dxe5 Be8 31. Bxh6 cxd5 32. Bg5) 29... Rxd7 30. Bxd5 $1 cxd5 31. Kf3 Be7 32. Bf4 Bg5 33. Rc5 Bxf4 34. Kxf4 $16 {[%mdl 4096] Endgame KRR-KRR} g5+ {[#]} (34... b6 $14 35. Rc6 Rb8) 35. Kf3 (35. fxg6 $1 $18 {has better winning chances.} fxg6 36. Re6) 35... Ra6 (35... b6 $142 36. Rc6 Rb7) 36. Rb5 (36. Re5 $142) 36... Kg7 37. Re5 Rc6 $2 (37... Kf6 $16 38. Rbxd5 (38. Rexd5 Rxd5 39. Rxd5 Rb6 $16) 38... Rxd5 39. Rxd5 Rb6) 38. Rexd5 ({Less strong is} 38. Rxa5 Rc4 $16) 38... Rxd5 39. Rxd5 $18 {KR-KR} Rc4 40. Rxa5 $2 ({White must play} 40. Ke4 $18) 40... Rxd4 $11 41. Rb5 Rxa4 42. Rxb7 h5 43. gxh5 Rf4+ $1 44. Kg3 Rxf5 45. Kg4 Rd5 46. b4 Kh6 47. Rb6+ Kh7 $1 48. h6 f6 $1 49. Kh5 {Black must now prevent Rb7+.} g4+ $1 50. Kxg4 Kg6 $1 51. b5 {aiming for h7.} Rg5+ 52. Kf4 {Threatens to win with Rb8.} Rh5 53. Rb8 Rh4+ 54. Kg3 Rb4 55. b6 ({White should try} 55. Rb6 $1 $14) 55... Kxh6 56. h4 {Hoping for b7.} f5 57. Kf3 Kh7 58. h5 f4 $2 {[#]} (58... Kh6 $11 {and Black stays safe.} 59. b7 Kh7) 59. Ke2 $2 (59. Rb7+ $1 $18 Kh6 60. Rb8) 59... Rb3 {The position is equal.} 60. Kf2 {Strongly threatening b7.} Kg7 61. b7 Kh7 {[#]} 62. h6 $1 {[%mdl 512]} f3 (62... Kxh6 63. Rh8+) 63. Kg3 {Kf2 is the strong threat.} f2+ {[%mdl 64] Decoy} 64. Kxf2 Rb2+ 65. Ke3 {Accuracy: White = 43%, Black = 57%.} 1/2-1/2

[Event "Lozovatsky Memorial-A 2020"]
[Site "Chelyabinsk"]
[Date "2020.01.19"]
[Round "5.3"]
[White "Salemgareev, Tagir"]
[Black "Radzhabov, Rodion"]
[Result "1-0"]
[WhiteElo "2458"]
[BlackElo "2381"]
[Annotator "ChessBase"]
[PlyCount "109"]
[EventDate "2020.01.15"]
[EventType "tourn"]
[EventCountry "RUS"]
[SourceTitle "playchess.com"]
[Source "ChessBase"]
[SourceQuality "1"]
[TimeControl "5400+30"]

1. d4 {[%emt 0:03:31]} Nf6 {[%emt 0:00:00]} 2. c4 {[%emt 0:00:04]} e6 {[%emt 0:00:00]} 3. Nf3 {[%emt 0:00:04]} b6 {[%emt 0:00:44]} 4. a3 {[%emt 0:08:33]} Bb7 {[%emt 0:02:32]} 5. Nc3 {[%emt 0:00:06]} Be7 {[%emt 0:00:29]} 6. d5 {[%emt 0:00:13]} O-O {[%emt 0:02:47]} 7. e4 {[%emt 0:00:24]} d6 {[%emt 0:05:17]} 8. Bd3 {[%emt 0:00:37]} exd5 {[%emt 0:06:47]} 9. cxd5 {[%emt 0:07:11]} Nfd7 {[%emt 0:27:25]} 10. O-O {[%emt 0:07:23]} Bf6 {[%emt 0:00:23]} 11. Re1 {[%emt 0:00:32]} Ne5 {[%emt 0:11:56]} 12. Nxe5 {[%emt 0:07:38]} Bxe5 {[%emt 0:00:19]} 13. f4 {[%emt 0:00:11]} Bd4+ {[%emt 0:01:45]} 14. Be3 {[%emt 0:00:15]} Qf6 {[%emt 0:13:22]} 15. Bxd4 {[%emt 0:04:20]} Qxd4+ {[%emt 0:00:11]} 16. Kh1 {[%emt 0:00:05]} Qf2 {[%emt 0:01:11]} 17. Rf1 {[%emt 0:07:17]} Qh4 {[%emt 0:11:32]} 18. Qd2 {[%emt 0:06:14]} Nd7 {[%emt 0:01:23]} 19. Rac1 {[%emt 0:01:20]} a6 {[%emt 0:04:10]} 20. Ne2 {[%emt 0:05:00]} Nc5 {[%emt 0:01:40]} 21. Bc2 {[%emt 0:00:28]} f5 {[%emt 0:02:42]} 22. exf5 {[%emt 0:03:21]} Rae8 {[%emt 0:01:08]} 23. Ng3 {[%emt 0:13:31]} b5 {[%emt 0:03:13]} 24. b4 {[%emt 0:09:50]} Nd7 {[%emt 0:00:04]} 25. Bd1 {[%emt 0:00:08]} Qd8 {[%emt 0:00:52]} 26. Bf3 {[%emt 0:01:01]} Nb6 {[%emt 0:00:18]} 27. Rfe1 {[%emt 0:00:28]} Nc4 {[%emt 0:00:16]} 28. Qd4 {[%emt 0:01:23]} Qf6 {[%emt 0:00:32]} 29. Qxf6 {[%emt 0:00:57]} Rxe1+ {[%emt 0:00:55]} 30. Rxe1 {[%emt 0:00:04]} Rxf6 {[%emt 0:00:03]} 31. Kg1 {[%emt 0:11:25]} Nxa3 {[%emt 0:00:27]} 32. Kf2 {[%emt 0:00:57]} Kf8 {[%emt 0:01:02]} 33. Be4 {[%emt 0:00:37]} Nc4 {[%emt 0:00:28]} 34. Ke2 {[%emt 0:01:00]} Nb6 {[%emt 0:00:31]} 35. Rd1 {[%emt 0:00:03]} Rf7 {[%emt 0:00:31]} 36. Ke3 {[%emt 0:00:11]} a5 {[%emt 0:00:30]} 37. bxa5 {[%emt 0:00:39]} Nc4+ {[%emt 0:00:00]} 38. Kf2 {[%emt 0:00:23]} Nxa5 {[%emt 0:00:49]} 39. Rb1 {[%emt 0:00:20]} c6 {[%emt 0:00:41]} 40. dxc6 {[%emt 0:00:07]} Bxc6 {[%emt 0:00:01]} 41. Bxc6 {[%emt 0:00:28]} Nxc6 {[%emt 0:00:02]} 42. Rxb5 {[%emt 0:00:07]} Ra7 {[%emt 0:00:45]} 43. Rd5 {[%emt 0:01:14]} Ke7 {[%emt 0:01:12]} 44. Kf3 {[%emt 0:01:03]} Ra3+ {[%emt 0:00:29]} 45. Kg4 {[%emt 0:00:24]} Nb4 {[%emt 0:00:32]} 46. f6+ {[%emt 0:01:13]} Kxf6 {[%emt 0:00:19]} 47. Rxd6+ {[%emt 0:00:03]} Kf7 {[%emt 0:00:17]} 48. Rd7+ {[%emt 0:00:09]} Kf8 {[%emt 0:00:12]} 49. Nh5 {[%emt 0:00:53]} Nc2 {[%emt 0:00:55]} 50. Nxg7 {[%emt 0:00:55]} Ne3+ {[%emt 0:00:05]} 51. Kg5 {[%emt 0:00:25]} Ra6 {[%emt 0:00:29]} 52. f5 {[%emt 0:00:23]} h6+ {[%emt 0:00:06]} 53. Kh5 {[%emt 0:00:19]} Nxg2 {[%emt 0:00:38]} 54. Ne6+ {[%emt 0:00:12]} Ke8 {[%emt 0:00:07]} 55. Rd2 {[%emt 0:00:15]} 1-0

[Event "Lozovatsky Memorial-A 2020"]
[Site "Chelyabinsk"]
[Date "2020.01.19"]
[Round "5.4"]
[White "Kostenko, Petr"]
[Black "Korneev, Oleg"]
[Result "1/2-1/2"]
[WhiteElo "2433"]
[BlackElo "2513"]
[Annotator "ChessBase"]
[PlyCount "33"]
[EventDate "2020.01.15"]
[EventType "tourn"]
[EventCountry "RUS"]
[SourceTitle "playchess.com"]
[Source "ChessBase"]
[SourceQuality "1"]
[TimeControl "5400+30"]

1. e4 {[%emt 0:01:56]} e5 {[%emt 0:03:40]} 2. Nf3 {[%emt 0:00:44]} Nc6 {[%emt 0:00:04]} 3. Bb5 {[%emt 0:00:13]} Nf6 {[%emt 0:00:04]} 4. O-O {[%emt 0:00:11]} Nxe4 {[%emt 0:00:22]} 5. Re1 {[%emt 0:00:07]} Nd6 {[%emt 0:00:06]} 6. Nxe5 {[%emt 0:00:10]} Be7 {[%emt 0:00:10]} 7. Bf1 {[%emt 0:00:09]} Nxe5 {[%emt 0:00:12]} 8. Rxe5 {[%emt 0:00:05]} O-O {[%emt 0:00:06]} 9. d4 {[%emt 0:00:08]} Bf6 {[%emt 0:00:27]} 10. Re1 {[%emt 0:00:35]} Re8 {[%emt 0:00:08]} 11. Rxe8+ {[%emt 0:00:58]} Nxe8 {[%emt 0:00:07]} 12. c3 {[%emt 0:00:11]} d5 {[%emt 0:00:06]} 13. Bd3 {[%emt 0:00:11]} c6 {[%emt 0:00:28]} 14. Bf4 {[%emt 0:00:06]} g6 {[%emt 0:00:15]} 15. Nd2 {[%emt 0:00:06]} Ng7 {[%emt 0:00:07]} 16. Nf3 {[%emt 0:00:08]} Bf5 {[%emt 0:00:22]} 17. Be5 {[%emt 0:00:20]} 1/2-1/2